| 000 | 00494nam a22001817a 4500 | ||
|---|---|---|---|
| 003 | BDDh-ASL | ||
| 005 | 20231015031113.0 | ||
| 008 | 230125s1926 i ||||| |||| 00| 0 p d | ||
| 040 |
_aBDDh-ASL _cBDDh-ASL |
||
| 041 | _aper | ||
| 082 |
_a297 _bSHG |
||
| 100 | 1 |
_aShirazi, Aga Muhammad Karim _96999 |
|
| 245 | 1 | 0 | _aGawhar-e Murād : / گوهر مراد |
| 260 |
_aKolkata : _bUniversity of Calcutta , _c1926. |
||
| 300 |
_a112 p. : _c22 cm. |
||
| 650 | 0 |
_aIslam _91652 |
|
| 942 |
_2ddc _cBK |
||
| 999 |
_c30058 _d30058 |
||